Polymer Degradation and Stability.Vol18 No.3 / (Record no. 14634)
[ view plain ]
| 000 -LEADER | |
|---|---|
| fixed length control field | 00718nam a22001697a 4500 |
| 008 - FIXED-LENGTH DATA ELEMENTS--GENERAL INFORMATION | |
| fixed length control field | 100808s1987 enk|||||r|||| 00| 0 eng d |
| 082 ## - DEWEY DECIMAL CLASSIFICATION NUMBER | |
| Classification number | 620.192 |
| Item number | POL |
| 245 ## - TITLE STATEMENT | |
| Title | Polymer Degradation and Stability.Vol18 No.3 / |
| Statement of responsibility, etc | Editor N. Grassie, North American Editor J. C. W. Chien |
| 260 ## - PUBLICATION, DISTRIBUTION, ETC. (IMPRINT) | |
| Place of publication, distribution, etc | London: |
| Name of publisher, distributor, etc | Elsevier Applied Science, |
| Date of publication, distribution, etc | 1987 |
| 300 ## - PHYSICAL DESCRIPTION | |
| Extent | 270p.: |
| Other physical details | ill.; |
| Dimensions | 24 cm. |
| 650 ## - SUBJECT ADDED ENTRY--TOPICAL TERM | |
| 9 (RLIN) | 17012 |
| Topical term or geographic name as entry element | Polymers |
| Form subdivision | Periodicals. |
| General subdivision | Deterioration |
| 650 ## - SUBJECT ADDED ENTRY--TOPICAL TERM | |
| 9 (RLIN) | 17013 |
| Topical term or geographic name as entry element | Stabilizing agents |
| Form subdivision | Periodicals. |
| 700 ## - ADDED ENTRY--PERSONAL NAME | |
| 9 (RLIN) | 17208 |
| Personal name | Grassie, N. |
| Relator term | Editor |
| 700 ## - ADDED ENTRY--PERSONAL NAME | |
| 9 (RLIN) | 17210 |
| Personal name | Chien, J. C. W. |
| Relator term | Editor |
| 942 ## - ADDED ENTRY ELEMENTS (KOHA) | |
| Source of classification or shelving scheme | Dewey Decimal Classification |
| Item type | Book - Borrowing |
| Withdrawn status | Item status | Source of classification or shelving scheme | Damaged status | Not for loan | Vendor | Home library | Current library | Shelving location | Date acquired | Source of acquisition | Total Checkouts | Total Renewals | Full call number | Barcode | Date last seen | Date last borrowed | Koha item type |
|---|---|---|---|---|---|---|---|---|---|---|---|---|---|---|---|---|---|
| Dewey Decimal Classification | Central Library | Central Library | First floor | 08/08/2010 | 2 | 23 | 620.192 POL | 000021636 | 15/07/2025 | 24/09/2018 | Book - Borrowing |